BIBLIOTHÈQUE DE LA MAISON DU MEXIQUE

Logo 1 Logo 2

Rio Nautla (notice nᵒ 12500)

détails MARC
000 -Sello discográfico
campo de control de longitud fija 00920nam a2200289 4500
005 - Identificación de versión
campo de control 20251016084528.0
010 ## - Número Estándar Internacional de Libros (ISBN)
Número (ISBN) 2-87825-176-8
035 ## - Otros números de control del sistema
Número de control del sistema 27512
099 ## - fechas locales
Tipo de ítem Koha LIBRO
100 ## - Datos de procesamiento general
Datos de procesamiento general 20010102d1999 m y1spay5003 ba
105 ## - Campo de datos codificados: Material textual, monográfico
Datos codificados de monografía a 001zy
200 1# - Título y mención de responsabilidad
Título propio Rio Nautla
Designación general del material texto impreso
Otra información del título étapes de l'intégration d'une communauté française au Mexique
-- 1833-1926
Primer mención de responsabilidad Jean-Christophe Demard
210 ## - Publicación, distribución, etc.
Lugar de publicación, distribución, etc. Paris
Nombre del editor, distribuidor, etc. Dominique Guéniot
Fecha de publicación, distribución, etc. 1999
215 ## - Descripción física
Designación de material específico y extensión del ítem 351 p
Otras características físicas il.
Dimensiones 24 cm
345 ## - Nota de información de adquisición
Fuente de adquisición/dirección de la suscripción [OBSOLETO] Compra
606 ## - Término temático usado como materia
Elemento de entrada Franceses
Subdivisión geográfica México
Subdivisión cronológica Siglo XIX
Número Koha 19220
607 ## - Nombre geográfico utilizado como tema
Elemento de entrada México
Subdivisión temática Emigración e inmigración
Subdivisión cronológica Siglo XIX
Número Koha 11167
660 ## - Código de área geográfica
Código MX
700 ## - Nombre personal - Responsabilidad primaria
Elemento de entrada Demard
Parte del nombre distinta del elemento de entrada Jean-Christophe
Fechas 1939-2021
Número Koha 16845
801 #0 - Fuente de origen
Agencia cm
900 ## -
-- 1/949
900 ## -
-- 7100112731\020101
942 ## - ELEMENTOS DE ENTRADA SECUNDARIOS (KOHA)
Tipo de ítem Koha Livre
996 ## -
-- MEX
-- 751145101
-- MMAG
-- 003994
-- 325.24 D372R
-- 20200218LIV
Exemplaires
Estatus retirado Estado de daño Estado de pérdida Fecha de adquisición Biblioteca de origen Biblioteca actual Ubicación en estantería Código de barras Precio de reemplazo Signatura topográfica completa No para préstamo Tipo de ítem Koha Nota pública Nota no pública
      05/08/2025 Casa México Paris Casa México Paris   003994 05/08/2025 325.24 D372R   Livre 20200218LIV 751145101